000 00610nam a2200217Ii 4500
003 JO-AjNU
008 230606s9999||||xx |||||||||||||| ||und||
020 _a0-412-35800-x
040 _aJO-AjNU
_beng
_erda
_cJO-AjNU
041 _aeng
050 1 4 _aHF5686.C8.D778 1993
100 3 _aDrury,Colin,
_eauthor
_93367
245 0 0 _aCosting An Introduction
250 _aed
264 3 1 _aLondon: Chapman and Hall,1993
300 _a535p
_b Includes indexes(p530-535)
336 _atext
_btxt
_2rdacontent
337 _aunmediated
_bn
_2rdamedia
338 _avolume
_bnc
_2rdacarrier
650 4 _aCosting
_93368
999 _aE1759
_c1759
_d1759